¿Crisis de la econometría o crisis de la economía política? / (Record no. 56454)

MARC details
000 -LEADER
campo de control de longitud fija 00683nam a2200181 i 4500
001 - NÚMERO DE CONTROL
campo de control 56454
003 - IDENTIFICADOR DE NÚMERO DE CONTROL
campo de control ES-MaACL
005 - FECHA Y HORA DE LA ÚLTIMA TRANSACCIÓN
campo de control 20230906163355.0
007 - CAMPO FIJO DE DESCRIPCIÓN FÍSICA--INFORMACIÓN GENERAL
campo de control de longitud fija t|
008 - DATOS DE LONGITUD FIJA--INFORMACIÓN GENERAL
campo de control de longitud fija 031009s1961 sp ||||1| spa d
100 1# - ENTRADA PRINCIPAL--NOMBRE DE PERSONA
Nombre de persona Fenizio, Ferdinando di.
9 (RLIN) 49252
245 10 - MENCIÓN DEL TÍTULO
Título ¿Crisis de la econometría o crisis de la economía política? /
Mención de responsabilidad, etc. discurso de Fernando di Fenizio.
260 ## - PUBLICACIÓN, DISTRIBUCIÓN, ETC.
Lugar de publicación, distribución, etc. Barcelona :
Nombre del editor, distribuidor, etc. [s.n.,
Fecha de publicación, distribución, etc. 1961] (
Fabricante Imp. Clarasó)
300 ## - DESCRIPCIÓN FÍSICA
Extensión 32 p. ;
Dimensiones 25 cm.
500 ## - NOTA GENERAL
Nota general Publicaciones de la Real Academia de Ciencias Económicas y Financieras de Barcelona.
710 2# - ENTRADA AGREGADA--NOMBRE DE ENTIDAD CORPORATIVA
Nombre de entidad corporativa o nombre de jurisdicción como elemento de entrada Real Academia de Ciencias Económicas y Financieras (Barcelona)
9 (RLIN) 6298
852 ## - LOCALIZACIÓN
Ubicación ES-MaACL
Número de control de estantería C-20374
Sublocalización o colección R.48267
Holdings
Estatus retirado Estado de pérdida Estado de daño No para préstamo Biblioteca de origen Biblioteca actual Ubicación en estantería Fecha de adquisición Fuente de adquisición Total de préstamos Signatura topográfica completa Código de barras Visto por última vez Precio de reemplazo Tipo de ítem Koha
        Biblioteca del Ateneo de Madrid Biblioteca del Ateneo de Madrid Galería 17/01/2008     C-20374 1059292 23/02/2023 23/02/2023 Libro impreso